ბათუმის შოთა რუსთაველის სახელმწიფო უნივერსიტეტის ბიბლიოთეკა

შიშის ძირითადი ფორმები / (ბიბ.ჩანაწერი № 53866)

000 -ლიდერი
ფიქსირებული სიგრძის საკონტროლო ველი 01248nam a2200265Ia 4500
001 - საკონტროლო ნომერი
საკონტროლო ველი 20917
003 - საკონტროლო ნომრის იდენტიფიკატორი
საკონტროლო ველი GE_BSU
005 - ბოლო ოპერაციის თარიღი და დრო
საკონტროლო ველი 20221219112737.0
008 - ფიქსირებული სიგრძის მონაცემთა ელემენტები - ზოგადი ინფორმაცია
ფიქსირებული სიგრძის საკონტროლო ველი 181216s2017||||ge |||||||||||||| ||geo||
020 ## - წიგნის საერთაშორისო სტანდარტული ნომერი
International Standard Book Number 9789941934902
040 ## - კატალოგიზაციის წყარო
Transcribing agency GE_BSU
041 ## - ენის კოდი
Language code of text/sound track or separate title geo
080 ## - უნივერსალური ათობითი კლასიფიკაციის ინდექსი
Universal Decimal Classification number 159.97+616 რ–60
100 ## - მთავარი ჩანაწერი - პიროვნების სახელი
Personal name რიმანი, ფრიც
9 (RLIN) 16210
245 ## - ცნობა სათაურის შესახებ
Title შიშის ძირითადი ფორმები /
Statement of responsibility, etc ფრიც რიმანი; გერმ. თარგმნა ნანა გოგოლაშვილმა ; მთ. რედ. მზია რაზმაძე.
264 ## - წარმოების, გამოცემის, დისტრიბუციის და სხვა ცნობები
გამოცემის, წარმოების, დისტრიბუციის... ადგილი თბილისი :
გამოცემის, წარმოების, დისტრიბუციის... სახელწოდება წიგნი+ერი,
გამოცემის, წარმოების, დისტრიბუციის... თარიღი 2017.
300 ## - ფიზიკური აღწერა
Extent 322 გვ.;
Other physical details 23 სმ.
653 ## - INDEX TERM--UNCONTROLLED
Uncontrolled term მედიცინა.
653 ## - INDEX TERM--UNCONTROLLED
Uncontrolled term ფობიები. შიში. ფსიქოანალიზი. შიზოფრენია. დეპრესია.
653 ## - INDEX TERM--UNCONTROLLED
Uncontrolled term ფსიქოლოგია
653 ## - INDEX TERM--UNCONTROLLED
Uncontrolled term შიშის ძირითადი ფორმები
700 ## - ADDED ENTRY--PERSONAL NAME
Personal name გოგოლაშვილი, ნანა
Relator term მთარგმნელი
9 (RLIN) 16467
700 ## - ADDED ENTRY--PERSONAL NAME
Personal name რაზმაძე, მზია
Relator term რედაქტორი
9 (RLIN) 16217
942 ## - ADDED ENTRY ELEMENTS (KOHA)
Koha item type წიგნი
Source of classification or shelving scheme
ეგზემპლარები
ჩამოწერის სტატუსი დაკარგული ეგზემპლარის სტატუსი კლასიფიკაციის წყარო ან თაროზე გაწყობის სქემა დაზიანების სტატუსი არ გაიცემა მუდმივი მდებარეობა (დაცვის ადგილი) ამჟამინდელი ადგილსამყოფელი თაროზე განთავსების ადგილი შეძენის თარიღი ღირებულება, შესყიდვის ნორმალური ფასი სრული შენახვის შიფრი შტრიხკოდი ბოლო ოპერაციის თარიღი ეგზემპლარის მიმდევრობითი ნომერი (კეტერი?) ფასის ძალაში შესვლის თარიღი ეგზემპლარის სახეობა საჯარო შენიშვნა
          ბათუმის შოთა რუსთაველის სახელმწიფო უნივერსიტეტის მთავარი ბიბლიოთეკა ბათუმის შოთა რუსთაველის სახელმწიფო უნივერსიტეტის მთავარი ბიბლიოთეკა წიგნსაცავი 2018-12-17 11.68 159.97+616 რ–60 54524 2018-12-17 54524 2018-12-17 წიგნი 11ლ. 68 თ.